000 00544nam a22002057a 4500
003 BD-DhSAU
005 20160920145944.0
008 160920b2014 ii a|||| |||| 001 0 eng d
020 _a9789351072249
040 _aBD-DhSAU
082 _222
_a519.2
_bR7338
100 _aRoss, Sheldon M.
245 _aIntroduction to probability models
_c Sheldon M. Ross,
250 _a11th ed.
260 _aNew York:
_bElsevier,
_c2014
300 _axv, 767 p. :
_bill. ;
_c23 cm.
590 _aroy
650 _aProbability Models
942 _2ddc
_cBOOK
999 _c13522
_d13521